Κατάλογος Βιβλιοθηκών Mediterranean College

Εφαρμογές Πληροφορικής και Στατιστικής / Με τα Windows 10 και Office 2016 (Record no. 3288)

MARC details
000 -LEADER
fixed length control field 01642cam a22001934a 4500
005 - ΗΜΕΡΟΜΗΝΙΑ ΚΑΙ ΩΡΑ ΤΕΛΕΥΤΑΙΑΣ ΕΝΗΜΕΡΩΣΗΣ
Πεδίο ελέγχου 20250605164111.0
008 - FIXED-LENGTH DATA ELEMENTS--GENERAL INFORMATION
Πεδίο ελέγχου σταθερού μήκους 250528s ||||||||||||||||||||||||d
035 ## - SYSTEM CONTROL NUMBER
System control number 17889
020 ## - ISBN
ISBN 9789605712563
040 ## - ΠΗΓΗ ΚΑΤΑΛΟΓΟΓΡΑΦΗΣΗΣ
Φορέας πρωτότυπης καταλογογράφησης MC Athens Campus Library
Γλώσσα καταλογογράφησης Ελληνικά, Μοντέρνα (1453-)
Modifying agency MC Athens Campus Library
Κανόνες περιγραφικής καταλογογράφησης AACR2
245 1# - ΤΙΤΛΟΣ ΚΑΙ ΔΗΛΩΣΗ ΥΠΕΥΘΥΝΟΤΗΤΑΣ
Τίτλος Εφαρμογές Πληροφορικής και Στατιστικής / Με τα Windows 10 και Office 2016
260 ## - PUBLICATION, DISTRIBUTION, ETC.
Name of publisher, distributor, etc. Bookstars-Free Publishing,
Date of publication, distribution, etc. 2016
300 ## - PHYSICAL DESCRIPTION
Extent 278
520 ## - SUMMARY, ETC.
Summary, etc. Το βιβλίο απευθύνεται σε ένα μεγάλο εύρος αναγνωστών ασχέτως του υποβάθρου των γνώσεων του, ώστε να βρουν έναν πολύτιμο βοηθή στον ''κόσμο'' των εφαρμογών Πληροφορικής. Πρόλογος, Ευχαριστίες, Windows 10, Word - Βασικά Στοιχεία, Word - Εισαγωγή Στοιχείων, Word - Εισαγωγή Απεικονίσεων, Word - Εισαγωγή Υπόλοιπων Στοιχείων, Word - Σχεδίαση και Διάταξη, Word - Αναφορές, Word - Αλληλογραφία και Αναθεώρηση, Excel - Βασικά Στοιχεία, Excel - Γραφήματα, Excel - Συναρτήσεις και Τύποι, Excel - Ιστογράμματα και Διασπορά, Excel - Συσχέτιση, Power point, Θεωρητικό Μέρος, Access - Βάσεις Δεδομένων, Θεωρητικό Μέρος, Access - Φόρμες, Βιβλιογραφία.
700 1# - ΠΡΟΣΘΕΤΗ ΑΝΑΓΡΑΦΗ--ΦΥΣΙΚΟ ΠΡΟΣΩΠΟ
Personal name Κουτσιάρης Αριστοτέλης
9 (RLIN) 4187
942 ## - ADDED ENTRY ELEMENTS (KOHA)
Koha item type Books
Holdings
Τύπος τεκμηρίου Βιβλιοθήκη Τρέχουσα τοποθεσία Barcode Αριθμός εισαγωγής Ημερομηνία απόκτησης Ταξιθετικό σύμβολο Αριθμός αντιτύπου Κατάσταση απόσυρσης Κατάσταση χαμένου Κατάσταση κατεστραμμένου Μη δανεισμός Σύνολο δανεισμών Ημερομηνία τελευταίας εμφάνισης Η τιμή ισχύει από
Books MC Athens Campus Library MC Athens Campus Library 9780000032874 7399 05/06/2025 005.36 KOU 2           05/06/2025 05/06/2025

MC Athens Campus Library
Πατησίων 94 & Κοδριγκτώνος 13, 104 34
Πελλήνης 8 & Πατησίων 107, 112 51
Τ: +30 210 8899600

MC Thessaloniki Campus Library
Ίωνος Δραγούμη 21, 54625 | Ίωνος Δραγούμη 15, 54625
Τ: +30 2310 287779 – Τ: +30 2314 440300